000 01407nam a2200277Ia 4500
003 OSt
005 20200930230100.0
008 191128s2012 mx ao gr 000 0dspa d
020 _a9786070054969
040 _aCO-JMCR
_cCO-JMCR
041 0 _aspa
082 0 4 _a928 /
_bA321v
_223
100 1 _aAlarcón, Óscar,
_eautor
_911090
245 1 0 _aVeintiuno :
_bcharlas con 20 escritores /
_cÓscar Alarcón ; edición, Mauricio Bares ; revisión, Daniel Espartaco Sánchez
250 _aPrimera edición
260 _aPuebla :
_bNitro/Press : Benemérita Universidad Autónoma de Puebla,
_c2012
300 _a173 páginas :
_bfotografías a blanco y negro ;
_c22 cm.
500 _aIncluye datos biográficos del autor en solapa posterior.
505 0 _aAndrés Acosta -- Jaime Mesa -- Luigi Amara -- Guillermo Rubio -- Fernando del Paso -- Iván Farías -- Ricardo Cartas -- Paco ignacio Taibo II -- Eduardo Huchín Sosa -- Juan Villoro -- Rodrigo Duran -- Carlos Fuentes -- Alberto
520 3 _aÓscar Alarcón rescata del desuso un género editorial casi olvidado: el libro de entrevistas. Y en Veintiuno-Charlas con 20 escritores nos lo devuelve alegre.
650 1 4 _aAutores
_xentrevistas
_911091
650 1 4 _aLiteratura latinoamericana
_xhistoria y crítica
_911092
700 1 _aBares, Mauricio,
_eeditor
_911093
700 1 _aEspartaco Sánchez, Daniel,
_erevisor
_911094
942 _2ddc
_cBK
999 _c4196
_d4196